000 00397nam a2200157Ia 4500
008 131103s9999 xx 000 0 und d
040 _aLoreto College
041 _aEnglish
082 _aREF
_bLCBED
245 _aSome origins, History and uses of spices and herbs
260 _aEngland
_b[s.l.]
_c[19?]
300 _a12p.
_b pic.
_c 22cm.
650 _aREF
850 _aLCBED/REF
942 _cBK
999 _c33593
_d84072